In the ring and on its feet : (Record no. 554360)
[ view plain ]
| 000 -LEADER | |
|---|---|
| fixed length control field | 00450cam a22001335i 4500 |
| 020 ## - INTERNATIONAL STANDARD BOOK NUMBER | |
| International Standard Book Number | 9789690025548 |
| 082 ## - DEWEY DECIMAL CLASSIFICATION NUMBER | |
| Classification number | 954.91 |
| Author Mark | TUF |
| -- | N-02, P-100 |
| 100 1# - MAIN ENTRY--PERSONAL NAME | |
| Personal name | Tufail, M. Kaiser, |
| 9 (RLIN) | 51812 |
| 245 10 - TITLE STATEMENT | |
| Title | In the ring and on its feet : |
| Remainder of title | a concise account based on official war records |
| Statement of responsibility, etc. | Air Commodore M Kaiser Tufail (Retd). |
| 300 ## - PHYSICAL DESCRIPTION | |
| Extent | 235 pages : |
| Other physical details | mapes, charts ; |
| Dimensions | 25 cm |
| 526 ## - STUDY PROGRAM INFORMATION NOTE | |
| Program name | 0 |
| Interest level | 0 |
| Reading level | 0 |
| Title point value | 954_910000000000000_TUF |
| 650 ## - SUBJECT ADDED ENTRY--TOPICAL TERM | |
| Topical term or geographic name entry element | WAR |
| 942 ## - ADDED ENTRY ELEMENTS (KOHA) | |
| Source of classification or shelving scheme | |
| Koha item type | Book |
| Withdrawn status | Lost status | Source of classification or shelving scheme | Damaged status | Not for loan | Permanent Location | Current Location | Date acquired | Total Checkouts | Full call number | Barcode | Date last seen | Price effective from | Koha item type |
|---|---|---|---|---|---|---|---|---|---|---|---|---|---|
| Military College of Engineering (MCE) | Military College of Engineering (MCE) | 06/24/2020 | 954.91 TUF | MCE-51453 | 06/24/2020 | 06/24/2020 | Book |
